Systémový prístup v uplatňovaní technickej normalizácie pri plánovaní, riešení, zavádzaní a využívaní výsledkov výskumných a vývojových úloh záverečná práca postgraduálneho štúdia

Saved in:
Bibliographic Details
Main Author: Slivková, Darina
Corporate Author: Vysoká škola ekonomická v Bratislave
Other Authors: Lipták, František
Format: Book
Language:Slovak
Published: Bratislava 1989
Tags: Add Tag
No Tags, Be the first to tag this record!

MARC

LEADER 00000nam a2200000 4500
001 c034340
005 20221215071600.9
041 0 |a slo 
044 |a SK 
245 1 0 |a Systémový prístup v uplatňovaní technickej normalizácie pri plánovaní, riešení, zavádzaní a využívaní výsledkov výskumných a vývojových úloh  |b záverečná práca postgraduálneho štúdia  |c Darina Slivková ; Ved. práce František Lipták 
264 1 |a Bratislava  |c 1989 
300 |a 70 s. 
100 1 |a Slivková, Darina 
700 1 |a Lipták, František 
710 2 |a Vysoká škola ekonomická v Bratislave